1921 1481 1298 1179 1930 1271 1907 1231 1053 1425 1510 1555 1252 1406 1237 1204 1917 1409 1977 1283 1425 1181 1388 1456 1803 1618 1272 1189 1395 1156 1365 1789 1046 1497 1787 1929 1334 1544 1522 1164 1882 1638 1955 1678 1423 1981 1195 1070 1968 1264 1347 1966 1302 1404 1509 1149 1351 1544 1614 1654 1055 1825 1403 1492 1463 1123 1949 1492 1599 1075 1465 1499 1011 1120 1264 1662 1408 1571 1383 1180 1819 1656 1394 1019 1044 1101 1319 1325 1643 1957 1220 1227 1105 1439 1861 1333 1924 1447 1136 BCNSPRNW ULIB Ver.6.0+V

เปลี่ยนเป็นภาษาไทย

Change to English
 แสดงรายละเอียดบรรณานุกรม
  กลับหน้าหลัก

Brief Record : Get Marc (ISO 2709) : E-mail record : QR code < ปิดหน้าต่าง
LEADER : 00000nam 2200000uu 4500
001    13399107854
003     ULIB
008    110208s2544||||th 000 0 tha d
020    9748222527
060 04 WZ70^bก499ก
245 00 การแพทย์พื้นบ้านกับการดูแลสุขภาพ =^bTraditional medicineand health care coverage /^cedited by Robert H. Bannerman,John Burton, Chen Wen Chien ; กรรณิการ์ พรมเสาร์, สรรสิริอินจัน, ผู้แปล ; ปรีชา อุปโยคน, เสาวภา พรสิริพงษ์, บรรณาธิการแปล
246 31 Traditional medicine and health care coverage
250    พิมพ์ครั้งที่ 2
260    [นนทบุรี] :^bสถาบันการแพทย์แผนไทย,^c2544
300    531 หน้า ;^c22 ซม.
650  7 การแพทย์แผนโบราณ
650  7 สาธารณสุขมูลฐาน
700 0  กรรณิการ์ พรมเสาร์,^eผู้แปล
700 0  สรรสิริ อินจัน,^eผู้แปล
710 1  Bannerman, Robert H. ^g(Robert Henry),^eed
710 1  Burton, John,^d1945 ,^eed
710 1  Chen, Wen Chien,^eed
945    ^p500^l0^i017654
995    เกษร
999 ^a ใช้งานได้ทุกระบบ
รายการนี้ยังไม่มีแท็ก
คุณยังไม่ได้ล็อกอิน คุณสามารถมีกิจกรรมร่วมกับเว็บไซต์ได้ แต่ต้องล็อกอินก่อน ::
  ล็อกอิน

รายการสื่อสารสนเทศ

ลำดับที่ ประเภท เลขเรียก/บาร์โค้ด สถานที่ สถานะ
- ไม่พบข้อมูล -

รายการใกล้เคียง
    หัวเรื่อง [การแพทย์แผนโบราณ]
    หัวเรื่อง [สาธารณสุขมูลฐาน]

BibComment


ยังไม่เคยถูกคอมเมนท์

คอมเมนท์ทรัพยากรรายการนี้
  คอมเมนท์: การแพทย์พื้นบ้านก..


 Copyright 2026. Bcnsprnw @Library